Prebudenie

Bibliographic Details
Main Author: Royová, Kristína, 1860-1936 (Author)
Format: Book
Language:Slovak
Published: Stará Turá Modrý kríž 1944
Subjects:

MARC

LEADER 00000cam a2200000 a 4500
001 vtls008394544
003 SK-MaSNL
005 20260301043354.0
008 200228s1944 xo g 000 0 slo
015 |a SNBA19421945-101/2386 
035 |a SK01SNKBKSD220020086761 
035 |a urn:nbn:sk:snk-am3hx8o 
035 |a 944E8E1A-F40A-41A3-91CC-419D7BD93FAF 
035 |a urn:nbn:sk:snk-am00dc7u 
035 |a SKM000089224 
040 |a SNK  |b slo  |c SNK  |e AACR2 
041 0 |a slo 
044 |a xo  |c SK 
080 |a 244  |2 1981 
100 1 |a Royová, Kristína,  |d 1860-1936  |4 aut  |9 87520 
245 1 0 |a Prebudenie  |c Kristína Royová 
260 |a Stará Turá  |b Modrý kríž  |c 1944  |e Ružomberok  |f Štecko a Trepáč 
300 |a 16 s.  |c 8° 
630 0 7 |a Biblia  |2 SNKPHunif  |9 17043 
650 0 7 |a kresťanská viera  |2 SNKPH  |9 1712 
650 0 7 |a duchovná obnova  |2 SNKPH  |9 31779 
655 7 |a úvahy  |2 SNKPH  |9 29403 
958 |a RK 
958 |a TL 
958 |a ONDV 
999 |c 593421  |d 595351 
952 |a SNK  |b SNK  |y PREZ  |7 0  |p 17A0910097  |o snkSD 6258  |i snk4795/49  |0 0  |1 0  |4 0  |d 2019-01-16  |f 1  |l 0  |r 2025-11-14 00:00:00  |w 2026-02-23